000 00643nam a2200277Ia 4500
005 20260324150329.0
008 008 260324s9999 xx 000 0 eng d
020 _a9781315030883
037 _aEBOOK
040 _aCRL
040 _beng
040 _cCRL
041 _2eng
041 _aeng
084 _qCRL
100 _aEdwin Greenlaw
_91226052
245 0 _aStudies in Spenser's Historical Allegory
260 _bTaylor and Francis
260 _c1969
365 _a
365 _b230
856 _uhttp://www.taylorfrancis.com/books/9781315030883
942 _cEBOOK
999 _c1835312
_d1835312